Možnosti rozvoja cestovného ruchu vo vybranom regíóne Slovenska bakalárska práca

Guardado en:
Detalles Bibliográficos
Autor principal: Kršková, Katarína
Autor Corporativo: Obchodná fakulta EU. Katedra služieb a cestovného ruchu - zrušené
Otros Autores: Valenteová, Katarína
Formato: Libro
Lenguaje:eslovaco
Publicado: Bratislava 2017
Etiquetas: Agregar Etiqueta
Sin Etiquetas, Sea el primero en etiquetar este registro!

MARC

LEADER 00000nbm a2200000 4500
001 0232839
005 20170807102823.0
041 0 |a slo 
044 |a SK 
245 1 0 |a Možnosti rozvoja cestovného ruchu vo vybranom regíóne Slovenska  |b bakalárska práca  |c Katarína Kršková ; školiteľ: Katarína Valenteová 
264 1 |a Bratislava  |c 2017 
300 |a 51 s. 
100 1 |a Kršková, Katarína 
700 1 |a Valenteová, Katarína 
710 2 |a Obchodná fakulta EU. Katedra služieb a cestovného ruchu - zrušené